000 00468nam a2200193Ia 4500
003 OSt
005 20220926045322.0
006 a|||||r|||| 00| 0
007 ta
008 220923b |||||||| |||| 00| 0 eng d
037 _cGeneral Book
040 _aRTL
_cRTL
_beng
041 _2eng
_aeng
100 _aBartollas Clemeus
_9350079
245 0 _aJuvenile inetimization
260 _c1976
942 _cGB
_2CC
999 _c677306
_d677306